|
|
|
|
| LEADER |
00000nam a22000005a 4500 |
| 001 |
18775 |
| 003 |
CL-ChBUA |
| 005 |
20120815103708.0 |
| 008 |
070301s1966 sp 000 0 spa |
| 040 |
|
|
|a CL-ChBUA
|c CL-ChBUA
|
| 082 |
0 |
0 |
|a 701
|
| 090 |
|
|
|c 18775
|d 18775
|
| 100 |
1 |
|
|a Worringer, W.
|
| 245 |
1 |
0 |
|a Abstracción y naturaleza
|
| 250 |
|
|
|a 2ª ed.
|
| 260 |
|
|
|b FDE.
|a México, D.F.
|c 1966.
|
| 300 |
|
|
|a 138 p.
|c 20 cm.
|
| 504 |
|
|
|a Indice.
|
| 650 |
|
4 |
|a ARTE - HISTORIA.
|
| 942 |
|
|
|c LIB
|
| 952 |
|
|
|0 0
|1 0
|4 0
|7 0
|9 25852
|a UNACH
|b UNACH
|c 700
|d 2007-03-05
|i 12.755.
|l 0
|o 701 / W 919. c.1
|p 26851
|r 2012-12-27 00:00:00
|u 25852
|w 2012-08-08
|y LIB
|k 701 / W 919. c.1
|
| 952 |
|
|
|0 0
|1 0
|4 0
|7 0
|9 25853
|a UNACH
|b UNACH
|c 700
|d 2007-03-05
|i 12.754.
|l 0
|o 701 / W 919. c.2
|p 26852
|r 2012-12-27 00:00:00
|u 25853
|w 2012-08-08
|y LIB
|k 701 / W 919. c.2
|
| 999 |
|
|
|c 18775
|d 18775
|